Statistics for All Marvel related projects

Click here to take the quiz!

General Stats

  • This quiz has been taken 26 times
    (19 since last reset)
  • The average score is 75 of 129

Answer Stats

First Release DateProject% Correct
TBAAll-Female Spiderverse Spin Off
94%
TBACaptain America 4
94%
12 April 2016Captain America: Civil War
94%
19 July 2011Captain America: The First Avenger
94%
13 March 2014Captain America: The Winter Soldier
94%
14 April 2008Iron Man
94%
26 April 2010Iron Man 2
94%
14 April 2013Iron Man 3
94%
29 April 2002Spider-Man
94%
22 June 2004Spider-Man 2
94%
4 May 2007Spider-Man 3
94%
7 October 2022Spider-Man: Across the Spiderverse
94%
26 June 2019Spider-Man: Far from Home
94%
TBASpider-Man: Freshman Year
94%
28 June 2017Spider-Man: Homecoming
94%
1 December 2018Spider-Man: Into the Spiderverse
94%
13 December 2021Spider-Man: No Way Home
94%
13 June 2012The Amazing Spider-Man
94%
10 April 2014The Amazing Spider-Man 2
94%
22 April 2019Avengers: Endgame
88%
23 April 2018Avengers: Infinity War
88%
20 June 2003Hulk
88%
11 April 2012The Avengers
88%
8 June 2008The Incredible Hulk
88%
17 April 2011Thor
88%
8 July 2022Thor: Love and Thunder
88%
10 October 2017Thor: Ragnarok
88%
22 October 2013Thor: The Dark World
88%
29 June 2015Ant-Man
82%
25 June 2018Ant-Man and the Wasp
82%
15 January - 5 March 2021WandaVision
82%
29 June 2021Black Widow
76%
10 April 2015 - 19 October 2018 | 9 February 2003Daredevil
76%
13 October 2016Doctor Strange
76%
4 May 2022Doctor Strange in the Multiverse of Madness
76%
24 April 2003X2
76%
12 July 2000X-Men
76%
9 May 2016X-Men: Apocalypse
76%
14 May 2019X-Men: Dark Phoenix
76%
10 May 2014X-Men: Days of Future Past
76%
3 June 2011X-Men: First Class
76%
1 May 2009X-Men Origins: Wolverine
76%
TBAX-Men Project
76%
26 May 2006X-Men: The last Stand
76%
28 July 2023Ant-Man and the Wasp: Quantumania
71%
8 February 2016Deadpool
71%
10 May 2018Deadpool 2
71%
TBADeadpool 3
71%
18 October 2021Eternals
71%
29 June 2005 | 5 August 2015 | TBAFantastic Four
71%
15 June 2007Fantastic Four: Rise of the Silver Surfer
71%
21 July 2014Guardians of the Galaxy
71%
17 March 2017 - 7 September 2018Iron Fist
71%
TBAShang-Chi 2
71%
16 August 2021Shang-Chi and the Legend of the Ten Rings
71%
16 July 2013The Wolverine
71%
29 January 2018Black Panther
65%
11 November 2022Black Panther: Wakanda Forever
65%
10 April 2017Guardians of the Galaxy Vol. 2
65%
5 May 2023Guardians of the Galaxy Vol. 3
65%
20 November 2015 - 14 June 2019Jessica Jones
65%
9 June 2021 - TBALoki
65%
30 September 2016 - 22 June 2018Luke Cage
65%
December 2022The Guardians of the Galaxy Holiday Special
65%
17 February 2023The Marvels
65%
24 September 2013 - 12 August 2020Agents of Shield
59%
21 August 1998 | TBABlade
59%
21 March 2002Blade II
59%
7 December 2004Blade: Trinity
59%
27 February 2019Captain Marvel
59%
30 March - 4 May 2022Moon Knight
59%
18 August 2017The Defenders
59%
15 April 2004 | 17 November 2017 - 18 January 2019The Punisher
59%
5 December 2008The Punisher: War Zone
59%
1 October 2018Venom
59%
14 September 2021Venom: Let There Be Carnage
59%
11 Augustus 2021 - 2022What If?
59%
16 February 2007Ghost Rider
53%
11 December 2011Ghost Rider: Spirit of Vengeance
53%
24 November - 22 December2021Hawkeye
53%
Late 2022Secret Invasion
53%
Summer 2022She Hulk
53%
19 March - 23 April 2021The Falcon and the Winter Soldier
53%
3 September 2013 | 6 January 2015 - 1 March 2016Agent Carter
47%
1 August 1986Howard the Duck
47%
29 September - 10 November 2017Inhumans
47%
17 February 2017Logan
47%
10 March 2022Morbius
47%
7 June 2018 - 30 May 2019Cloak and Dagger
41%
8 June 2022 - TBAMs. Marvel
41%
21 November 2017 - 13 December 2019Runaways
41%
13 January 2005Elektra
35%
28 August 2020The new Mutants
35%
2022I Am Groot
29%
TBAIronheart
29%
28 August 2016Team Thor
29%
TBAArmor Wars
24%
13 April 2015Avengers: Age of Ultron
24%
TBAEcho
24%
25 September 2012Item 47
24%
TBAMarvel Zombies
24%
20 February 2018Team Darryl
24%
13 September 2011The Consultant
24%
TBAAgatha: House of Harkness
18%
13 January 2023Kraven the Hunter
18%
8 February 2017 - 12 August 2019Legion
18%
TBAMadame Web
18%
25 October 2011A Funny Thing Happened on the Way to Thors Hammer
12%
4 February 2014All Hail the King
12%
Late 2022Halloween Special
12%
16 October 2020Helstrom
12%
TBAOkoye
12%
17 September 2019Peter's To-Do List
12%
2 October 2017 - 26 February 2019The Gifted
12%
TBABlack Cat
6%
TBASilk
6%
TBADaredevil reboot
0%
13 July 2021Deadpool and Korg React
0%
TBAJackpot
0%
TBANightwatch
0%
TBANova
0%
TBASilver Sable
0%
14 February 2016Team Thor Part 2
0%

Score Distribution

Percentile by Number Answered

Percent of People with Each Score

Your Score History

You have not taken this quiz since the last reset